000 01131nam a22003017a 4500
999 _c12575
_d12575
003 EG-ScBUE
005 20210124093426.0
008 090813s2003 ua f 000 0 ara d
017 _a2003/7016
020 _a9773053970
040 _aEG-ScBUE
_bara
_erda
_cEG-ScBUE
_dEG-ScBUE
082 0 4 _a892.726
_bإ ب ر
_222
100 1 _aإبراهيم، حامد،
_eمؤلف.
245 1 2 _aالناصر صلاح الدين .. والقدس /
_cتأليف حامد ابراهيم ؛ تقديم عبد الغني داود.
250 _aالطبعة الأولى.
264 1 _aالقاهرة :
_bالهيئة العامة لقصور الثقافة،
_c2003.
300 _a300 صفحة ؛
_c19 سم.
336 _2rdacontent
_aنص
_btxt
337 _2rdamedia
_aبدون وسيط
_bn
338 _2rdacarrier
_aمجلد
_bnc
490 0 _aنصوص مسرحية ؛
_v27
650 7 _98439
_aالمسرحيات العربية
_zمصر
_yقرن 21.
_2BUEsh
651 _2BUEsh
653 _bARALIT
_cJanuary2021
655 _vReading book
_934232
700 1 _aداود، عبد الغني،‏
_d1939-
_eمقدم.
_917233
942 _2ddc
_cBB